000
00295nam a2200109Ia 4500
008
230907s9999||||xx |||||||||||||| ||und||
082
_a
621.3
_b
IEC
100
_a
IEC Standards
_9
117978
245
0
_a
IEC-61857-22--- ELECTRICAL INSULATION SYSTEMS--
260
_b
IEC
_c
2019-08-01
942
_2
ddc
_c
EB
999
_c
598747
_d
598747